Guess the Celebrity by their Picture #3 - Statistics

General Stats
  • This quiz has been taken 403 times
  • The average score is 7 of 15
Answer Stats
Picture Answer % Correct
Ariana Grande
95%
Daniel Radcliffe
82%
Emma Stone
76%
Scarlett Johansson
74%
Gordon Ramsay
70%
Avril Lavigne
69%
Adam Levine
60%
Chadwick Boseman
52%
Reese Witherspoon
52%
Rupert Grint
51%
Janis Joplin
19%
Elizabeth Banks
14%
Armie Hammer
10%
Rebecca Ferguson
7%
Kenny Chesney
3%
No matching quizzes found
Score Distribution
Percent of People with Each Score
Percentile by Number Answered
Your Score History
You have not taken this quiz